[Event "Belgrade Investbank"]
[Site "Belgrade"]
[Date "1995.??.??"]
[Round "11"]
[White "Ivanchuk, Vassily"]
[Black "Leko, Peter"]
[Result "1-0"]
[WhiteElo "2740"]
[BlackElo "2605"]
[Annotator "Hecht,H"]
[PlyCount "127"]
[EventDate "1995.11.??"]
[EventType "tourn"]
[EventRounds "11"]
[EventCountry "YUG"]
[EventCategory "17"]
[SourceTitle "CBM 051"]
[Source "ChessBase"]
[SourceDate "1996.04.01"]
[SourceVersion "1"]
[SourceVersionDate "1996.04.01"]
[SourceQuality "1"]

1. d4 Nf6 2. c4 g6 3. g3 c6 4. Nc3 d5 5. Qb3 Bg7 6. Bg2 O-O 7. Nf3 Qb6 8. h3
dxc4 9. Qxc4 Be6 10. Qa4 Na6 11. O-O Qb4 12. Qc2 c5 13. dxc5 Qxc5 14. Be3 Qc8
15. Ng5 Bd5 16. Qa4 Bxg2 17. Kxg2 Nb8 18. Qh4 Nc6 19. Rfd1 h5 20. Qf4 Qb8 21.
Qc4 Qe5 22. Qb3 b6 23. Rac1 Qc7 24. Nd5 Qb7 25. Nf3 Na5 26. Qb5 Nxd5 27. Rxd5
Rac8 28. Rd7 Qe4 29. b3 Rxc1 30. Bxc1 Nc6 31. Rc7 Nd4 32. Qa4 a5 33. Be3 e5 34.
Re7 Qd5 35. Qd7 Qxd7 36. Rxd7 Nxe2 37. Bxb6 Nc1 38. Bxa5 Nxa2 39. Ng5 Bh6 40.
h4 f6 41. Ne4 f5 42. Ng5 Bxg5 43. hxg5 {TL-TS: starker L, passiver sK,
Technik+Taktik} Rb8 44. Rd6 Kg7 45. Bd8 Rb5 46. Bf6+ Kf7 47. Rd7+ Kf8 (47...
Ke6 48. Re7+ Kd6 (48... Kd5 49. Rxe5+ Kc6 50. Rxb5 Kxb5 51. Be7 Nc1 52. b4 $18)
49. Rg7 Rxb3 50. Rxg6 Nc3 51. Bh8+ Kd5 52. Rg8 Ne4 53. Rd8+ Ke6 54. g6 Rb2 (
54... Nf6 55. Rf8 $18) 55. g7 $18) 48. Rg7 Nc3 49. Rxg6 Ne4 50. Bh8 f4 (50...
Rxb3 51. Bxe5 Kf7 52. Rg7+ Kf8 53. g6 $18) 51. b4 Rxb4 (51... fxg3 52. f3 $18)
52. gxf4 exf4 53. f3 Nc5 54. Rh6 Ra4 55. g6 Ra6 56. Bd4 Ne6 57. Bf6 Ke8 58. Rh7
(58. Rh8+ Kd7 59. g7 $2 Nxg7 60. Bxg7 Rg6+ $10) (58. Rxh5 Ng7 59. Rh8+ Kd7 60.
Rh7 Rxf6 61. Rxg7+ Ke8 62. Kh3 Kf8 63. Rf7+ Rxf7 64. gxf7 Kxf7 65. Kg4 Kg6 $10)
58... Rc6 59. Kh2 $1 Ra6 60. Rxh5 Ra2+ 61. Kh3 Ra6 62. Kg4 Rc6 63. Rh7 Ra6 64.
Kf5 1-0

[Event "St Petersburg op"]
[Site "St Petersburg"]
[Date "1994.??.??"]
[Round "3"]
[White "Akopian, Vladimir Eduardovic"]
[Black "Polovodin, Igor A"]
[Result "1-0"]
[WhiteElo "2605"]
[BlackElo "2440"]
[Annotator "Hecht,H"]
[PlyCount "151"]
[EventDate "1994.02.??"]
[EventType "swiss"]
[EventRounds "9"]
[EventCountry "RUS"]
[SourceTitle "CBM 041"]
[Source "ChessBase"]
[SourceDate "1994.08.01"]
[SourceVersion "1"]
[SourceVersionDate "1994.08.01"]
[SourceQuality "1"]

1. d4 Nf6 2. c4 g6 3. g3 c6 4. Bg2 d5 5. Nf3 Bg7 6. Qb3 O-O 7. Nc3 a5 8. c5
Nbd7 9. Na4 Ne4 10. Bf4 Re8 11. Rd1 f6 12. O-O e5 13. Be3 exd4 14. Bxd4 Qe7 15.
Qc2 Nf8 16. b3 Ne6 17. Bb2 f5 18. Bxg7 Kxg7 19. Rc1 f4 20. Nd2 fxg3 21. Nxe4
gxh2+ 22. Kh1 dxe4 23. Qxe4 Ng5 24. Qxe7+ Rxe7 25. Nb6 Rb8 26. e3 Bh3 27. Bxh3
Nxh3 28. Kxh2 Ng5 29. Kg2 Rd8 30. Rfd1 Rxd1 31. Rxd1 Ne4 32. Nc4 Nxc5 33. Nxa5
Ne6 34. Rd6 g5 35. Nxb7 Rxb7 36. Rxe6 Ra7 37. a4 Rb7 38. Rxc6 Rxb3 39. a5 Ra3
40. a6 h5 41. Kg3 Ra4 42. f3 Ra3 43. Re6 Ra4 (43... Kf7 44. Rh6 Kg7 45. Rxh5
Kg6 46. Kg4 Ra4+ 47. e4 $18) 44. Rb6 Ra3 45. Re6 Ra4 46. Re7+ Kf6 47. Ra7 Ra3
48. Ra8 Kg7 49. a7 Kh7 50. e4 g4 51. e5 gxf3 (51... Rxf3+ 52. Kg2 Ra3 53. e6 h4
54. e7 Ra2+ 55. Kf1 $18) 52. e6 h4+ 53. Kf2 Ra2+ 54. Kxf3 h3 55. e7 h2 56. Rh8+
Kxh8 57. e8=Q+ Kg7 58. Qe5+ Kg6 59. Qxh2 (59. Qe6+ Kh7 60. Qxa2 h1=Q+ $14)
59... Rxh2 60. a8=Q Rh5 61. Qe8+ Kg5 62. Kg3 Rh7 63. Qe5+ Kg6 64. Kg4 Rf7 65.
Qe6+ Kg7 66. Kg5 Kf8 67. Qe5 (67. Kg6 Rg7+ 68. Kf6 $2 Rg6+ $10) 67... Re7 68.
Qh8+ Kf7 69. Kf5 Rd7 70. Qh7+ Ke8 71. Qg8+ Ke7 72. Ke5 Rd1 73. Qg5+ Kf8 74.
Qf4+ Ke7 75. Qh4+ Kf8 76. Ke6 1-0

[Event "Bundesliga 0304"]
[Site "Germany"]
[Date "2003.12.12"]
[Round "7.3"]
[White "Socko, Bartosz"]
[Black "Berndt, Stephan"]
[Result "1/2-1/2"]
[WhiteElo "2547"]
[BlackElo "2462"]
[Annotator "Konikowski,J"]
[PlyCount "96"]
[EventDate "2003.11.01"]
[EventType "team-tourn"]
[EventRounds "15"]
[EventCountry "GER"]
[SourceTitle "CBM 099"]
[Source "ChessBase"]
[SourceDate "2004.03.30"]
[SourceVersion "1"]
[SourceVersionDate "2004.03.30"]
[SourceQuality "1"]
[WhiteTeam "Kreuzberg"]
[BlackTeam "Neukoelln"]
[WhiteTeamCountry "GER"]
[BlackTeamCountry "GER"]

1. g3 g6 2. Bg2 Bg7 3. d4 d5 4. Nf3 Nf6 5. c4 dxc4 6. Qa4+ Nfd7 7. Na3 O-O 8.
Nxc4 c5 9. Be3 cxd4 10. Nxd4 Nc5 11. Qd1 Nba6 12. O-O Bd7 13. Qd2 Rc8 14. Rac1
e5 15. Nb3 b6 $146 {[%mdl 8]} (15... Nxb3 16. axb3 Bc6 17. Nd6 Rc7 18. Bxc6
Rxc6 19. Rxc6 bxc6 20. Ra1 Nc7 21. Rxa7 Ne6 22. Qb4 e4 23. Bb6 Qf6 24. Qxe4 $18
{Loginov,V-Lastin,A/Tula 2001/}) 16. Nxc5 Nxc5 17. Nd6 Rc7 18. Bxc5 bxc5 19.
Nb7 Qe7 20. Nxc5 $1 Bb5 21. b4 Rd8 22. Qe3 Rd4 23. a4 Be8 24. Rb1 (24. Rcd1
Rxd1 25. Rxd1 $16) 24... Qd6 25. Qa3 f5 {[%cal Ye5e4]} 26. Rfc1 $2 (26. e3 $142
$1 Rd2 27. Rbd1 $16) 26... e4 27. Bf1 Bf7 28. a5 Rd2 29. Nb3 Rdc2 30. Rd1 Qe7
31. Nd4 R2c3 {[%cal Ye4e3]} 32. Qa4 e3 33. f4 R3c4 {[%cal Rc4b4,Re7b4,Ga4b4,
Gb1b4]} 34. Nf3 Bc3 {[%cal Rc3b4,Rc4b4,Re7b4,Ga4b4,Gb1b4]} 35. a6 Rxb4 (35...
Bxb4 $2 36. Ne5 $18) 36. Rxb4 Qxb4 37. Qxb4 Bxb4 38. Ne5 Be6 39. Bg2 Bc8 (39...
Rc2 40. Bf3 $11) 40. Rb1 Bc5 (40... Bxa6 $2 41. Bd5+ $1 (41. Rxb4 $4 Rc1+ 42.
Bf1 Bxe2 $19) 41... Kf8 42. Rxb4 $18) 41. Rb7 Bd6 42. Bd5+ Kf8 43. Nc4 Bxb7 44.
axb7 Rxc4 45. Bxc4 a5 46. Kg2 Bb8 47. Kf1 h6 48. h4 Kg7 1/2-1/2

[Event "EU-Cup 27th"]
[Site "Rogaska Slatina"]
[Date "2011.10.01"]
[Round "7"]
[White "Sargissian, Gabriel"]
[Black "Svidler, Peter"]
[Result "1-0"]
[WhiteElo "2658"]
[BlackElo "2740"]
[Annotator "Krasenkow,M"]
[PlyCount "107"]
[EventDate "2011.09.25"]
[EventType "team-swiss"]
[EventRounds "7"]
[EventCountry "SLO"]
[SourceTitle "CBM 145"]
[Source "ChessBase"]
[SourceDate "2011.11.11"]
[SourceVersion "1"]
[SourceVersionDate "2011.11.11"]
[SourceQuality "1"]
[WhiteTeam "Yerevan Mika"]
[BlackTeam "St Petersburg"]
[WhiteTeamCountry "ARM"]
[BlackTeamCountry "RUS"]

1. d4 Nf6 2. c4 g6 3. g3 c6 4. Bg2 d5 5. Qa4 {A rare move. Eventually in this
game it leads to one of the lines of the D78 system with 7.Qb3.} dxc4 6. Qxc4
Be6 7. Qa4 (7. Qd3 Bg7 (7... Na6 8. a3 Bg7 9. Nf3 Bf5 10. Qc4 O-O 11. O-O c5
12. Nc3 cxd4 13. Nxd4 Rc8 14. Qa4 Nc5 15. Qd1 Bd7 $11 {1/2 Epishin,V (2475)
-Malisauskas,V (2390)/Vilnius 1988/CBM 007 (27)}) 8. Nc3 O-O 9. Nf3 Na6 10. O-O
Bf5 11. Qd1 Qb6 12. e3 Rad8 13. Qe2 c5 $11 {1-0 Kazhgaleyev,M (2643)-Danin,A 
(2517)/St Petersburg 2009/CBM 132 Extra (115)}) 7... Nbd7 8. Nf3 Nb6 9. Qd1 Bg7
10. O-O O-O 11. Nc3 Nbd5 {Perhaps Black should try something else like} (11...
a5) 12. Na4 $1 (12. Ng5 {is harmless:} Nxc3 13. Nxe6 Nxd1 14. Nxd8 Raxd8 15.
Rxd1 e5 16. Be3 Ng4 17. d5 Nxe3 18. fxe3 f5 $1 19. dxc6 e4 20. cxb7 Rb8 21. Rd7
Rf7 $44 {[%csl Rg2] 0-1 Hever,M (2310)-Zezulkin,J (2440)/Kobanya 1992/TD (45)})
12... Ne4 (12... Bf5 13. Nh4 (13. Ne5 $5) 13... Bc8 14. h3 Nb6 15. e4 Nfd7 16.
Nf3 Nxa4 17. Qxa4 e5 18. Be3 Nb6 19. Qb4 exd4 20. Bxd4 Bxd4 21. Nxd4 a5 22. Qc3
Na4 23. Qe3 Nxb2 24. Rac1 Qe7 $13 {1/2 Dydyshko,V (2587)-Urban,K (2504)/
Dzwirzyno 2004/CBM 102 ext (36)}) 13. Ne5 Ndf6 14. f3 Nd6 15. Nc5 Bc8 16. e4 b6
17. Ncd3 Bb7 18. Be3 $14 {[%mdl 4] White has managed to stop ...c6-c5 and
obtains a long-term plus.} Nb5 19. Qa4 Nd7 20. Rfd1 Nxe5 21. Nxe5 e6 22. Rac1
Rc8 23. Bf1 a6 24. Qb3 {[%csl Rb6]} Qc7 (24... Nd6 25. a4 a5 26. Rc3 {[%cal
Yd1c1]}) 25. a4 Nd6 26. Bf4 Qd8 27. Qa3 Re8 28. Ng4 (28. h4 $5 $16) 28... h5
29. Ne5 {[%mdl 32] A typical manoeuvre preventing ...f7-f6. To get some air,
Black must further weaken his position.} g5 30. Be3 g4 (30... Bf8 31. Qd3 $16)
31. Bg2 $6 (31. fxg4 $142 hxg4 (31... Nxe4 32. gxh5) 32. Bg2 f5 33. exf5 Nxf5 (
33... exf5 34. Bf4) 34. Nxg4) 31... gxf3 32. Bxf3 h4 $132 33. Bf4 (33. g4 $5 {
[%cal Yg4g5]}) 33... hxg3 34. hxg3 Qe7 35. Ng6 (35. Kg2 $5 c5 $140 36. dxc5
bxc5 37. Ng6 fxg6 38. Bxd6 Qf7 39. Rxc5) 35... fxg6 36. Bxd6 Qg5 37. Bf4 Qe7
38. Qxe7 Rxe7 39. Bd6 Rd7 40. e5 Bf8 41. Bg4 Re8 42. Bxf8 Kxf8 43. Kf2 $16 a5
44. Ke3 Rc7 $6 (44... Kg7 45. Rd3 Ba8 {was more stubborn but, of course, White
should win in the long run.}) 45. Rf1+ Kg7 46. Rf6 c5 47. dxc5 Bd5 48. Kf4 $1
Rxc5 49. Rxc5 bxc5 {[%mdl 4096]} 50. Kg5 Bb3 (50... c4 {doesn't change much.})
51. Rxg6+ Kh7 (51... Kf8 52. Kf6) 52. Rh6+ (52. Bh5 $142 Rd8 (52... Re7 53. Kf6
) 53. Rf6 Rd2 54. Rf7+ Kg8 55. Rc7 Bxa4 56. Rxc5 Rxb2 57. Rxa5 Bc6 58. Kf6 $18)
52... Kg7 53. Rf6 $6 (53. Rg6+ Kh7 54. Bh5 $1) 53... Bxa4 $6 (53... Re7 $8 54.
Rg6+ Kf8 $1 (54... Kf7 $143 55. Bh5 Bxa4 56. Rh6+ Kg7 57. Bg6) {, and White
must now "win for the second time":} 55. Kh6 (55. Kf6 Rf7+) (55. Bh5 Rd7 $1)
55... Rb7 56. Bh5 $1 Bxa4 57. Rf6+ Kg8 58. Rxe6 Rxb2 59. Ra6 Kf8 60. Rxa5 Bd7
61. Rxc5 $18) 54. Bxe6 {[%cal Rf6f7,Rf6g6]} (54. Bxe6 Re7 55. Rg6+ Kh7 56. Bg8+
Kh8 57. Kf6 $18) 1-0

[Event "Solin 12th"]
[Site "Solin/Split"]
[Date "2004.12.09"]
[Round "6"]
[White "Romanishin, Oleg M"]
[Black "Jankovic, Alojzije"]
[Result "1/2-1/2"]
[WhiteElo "2543"]
[BlackElo "2477"]
[Annotator "Krasenkow,M"]
[PlyCount "100"]
[EventDate "2004.12.03"]
[EventType "tourn"]
[EventRounds "9"]
[EventCountry "CRO"]
[EventCategory "10"]
[SourceTitle "CBM 105"]
[Source "ChessBase"]
[SourceDate "2005.04.11"]
[SourceVersion "1"]
[SourceVersionDate "2005.04.11"]
[SourceQuality "1"]

1. d4 Nf6 2. Nf3 g6 3. c4 Bg7 4. g3 d5 5. Bg2 dxc4 6. Qa4+ Nfd7 {[%cal Yb8c6,
Yd7b6]} 7. Nbd2 {An old idea picked up by GM Oleg Romanishin. White wants to
take the c4 pawn with the knight.} a6 {Preventing 8.Nxc4. Other options for
Black:} (7... O-O 8. Nxc4 c5 (8... a6 9. Qa3 Nc6 10. Bg5 Nf6 11. Rd1 h6 12.
Bxf6 Bxf6 13. d5 Na7 14. e4 $14 {1-0 Sebenik,M-Borisek,J/Celje 2003/CBM 097
ext (28)}) 9. Be3 (9. dxc5 Nxc5 {1/2-1/2 Loginov,V-Makarov,M/Togliatti 2003/
CBM 094 ext (9)}) 9... cxd4 10. Nxd4 Nc5 11. Qd1 Nba6 12. O-O Bd7 13. Qd2 $14 {
1-0 Loginov,V-Lastin,A/Tula 2001/EXT 2002 (26)}) (7... Nc6 8. Nxc4 (8. e3 Nb6
9. Qb5 a6 10. Qc5 Qd6 11. Ne4 Qxc5 12. Nxc5 Nd7 13. Nxd7 Bxd7 $17 {0-1
Levitsky,S-Serebro,A/Donetsk 1993/EXT 2002 (49)}) 8... O-O (8... Nxd4 $6 9.
Nxd4 Bxd4 10. Na5 c6 $2 11. Nxc6 $1 Bxf2+ 12. Kxf2 bxc6 13. Bxc6 Bb7 $2 14.
Bxb7 $2 (14. Qd4 $1 $18) 14... Qb6+ 15. Be3 Qxb7 16. Rhd1 $16 {1-0 Bocharov,
D-Shomoev,A/Krasnoyarsk 2003/CBM 098 (21)}) 9. O-O $5 (9. Be3 a6 $5 (9... Rb8
10. Na5 b5 (10... Nb6 11. Nxc6 Nxa4 12. Nxd8 Rxd8 13. Bf4 $1 {[%csl Rb8]}) 11.
Qa3 b4 12. Qa4 Nxa5 13. Qxa5 Nb6 $6 (13... c5 $132) 14. Rc1 $14 Be6 15. b3 Nd5
16. Bd2 {1-0 Ekstroem,R-Lurje,P/Zuerich 2000/EXT 2002 (54)}) (9... e5 10. dxe5
Ndxe5 11. Nfxe5 Nxe5 12. Rd1 Qe7 13. O-O Bd7 14. Qc2 Bf5 15. Qc1 c6 16. Nd6 Be6
17. Bc5 Qc7 18. b3 Rfd8 19. Qf4 Rd7 20. Rd2 $13 {1-0 Bauer,C-Shipov,S/ICC INT
2003/CBM 093 ext (28)}) (9... Nf6 10. Rd1 Nd5 11. Bc1 Be6 12. Qb5 $2 (12. Nce5
$11) 12... Ncb4 13. a3 $2 Bd7 14. Qc5 b6 $19 {0-1 Weinberger,T-Grob,H/Budapest
1955/MCD (20)}) 10. Na5 Nb6 11. Nxc6 Nxa4 12. Nxd8 Rxd8 13. b3 Nc3 14. Rc1 Nb5
(14... Nd5) 15. a4 Nxd4 16. Nxd4 Bxd4 17. Bxd4 Rxd4 18. Rxc7 Rb8 19. Rxe7 Be6
$11 {1/2-1/2 Ekstroem,R-Kozul,Z/Charleville 2000/CBM 079 ext (43)}) 9... Nxd4 (
9... Bxd4 10. Nxd4 Nxd4 11. Bh6 Re8 12. Rfd1 e5 13. Rd2 Nf5 14. Be3 Nxe3 15.
Nxe3 $44 {1-0 Pigusov,E-Hoelzl,F/Budapest 1989/TD (27)}) 10. Nxd4 Bxd4 11. Bh6
Bg7 12. Bxg7 Kxg7 13. Rfd1 c6 14. Qb4 Re8 15. Qc3+ Kg8 16. Ne5 Qc7 17. Nxc6 $1
bxc6 18. Bxc6 Rb8 19. Bxd7 Qxc3 20. bxc3 Bxd7 21. Rxd7 Rb2 22. Kf1 $14 {
1/2-1/2 Loginov,V-Ivanov,S/St Petersburg 1997/CBM 058 (83)}) (7... c5 8. dxc5 (
8. Nxc4 cxd4 9. Bg5 O-O 10. Qa3 Nc6 11. Rd1 h6 12. Bd2 Nb6 $17 {1/2-1/2
Poddubnyi,V-Yermolinsky,A/Leningrad 1987/EXT 2002 (49)}) 8... Nc6 9. Nxc4 (9.
Qxc4 Qa5 10. O-O Nxc5 11. Ne4 Nxe4 12. Qxe4 O-O {1/2-1/2 Romanishin,O-Palac,M/
Ljubljana 1997/EXT 98 (12)}) 9... Nxc5 10. Qa3 Na6 (10... Nd4 11. Nxd4 (11. O-O
Nxe2+ 12. Kh1 Nxc1 13. Raxc1 Ne4 14. Nfe5 Nd6 15. Qa4+ Kf8 16. Rfd1 $44 {
1/2-1/2 Romanishin,O-Schmidt,W/Koszalin 1997/CBM 059 ext (28)}) 11... Qxd4 12.
Na5 Ne4 13. O-O Nd6 14. Bf4 O-O 15. Rfd1 $16 {1-0 Loginov,V-Kupreichik,V/
Oberwart 2002/CBM 089 ext (29)}) (10... Ne6 $5 11. Be3 Bd7 12. O-O b5 13. Ncd2
O-O 14. Rac1 Rc8 15. Ne4 Ncd4 16. Nxd4 Nxd4 17. Bxd4 Bxd4 18. e3 Bb6 19. Nc5
Bg4 20. b4 Qd2 21. Ne4 Qd7 22. Nc5 Qd2 23. Ne4 Qd7 24. Nc5 {1/2-1/2 Romanishin,
O-Jaracz,P/Pula 1998/EXT 2000 (24)}) 11. Bd2 (11. Be3 Be6 12. Rc1 Qd5 13. O-O
Qb5 14. b3 O-O 15. Ng5 Bd5 16. Ne4 Rfd8 17. Rfd1 Nab4 $13 {1-0 Romanishin,
O-Kozul,Z/Bled 1999/CBM 069 ext (49)}) 11... Qd5 12. Bc3 (12. Rc1 Be6 (12...
O-O 13. O-O Qb5 14. Bc3 Bh6 15. Bd2 Bg7 16. Bc3 Bh6 17. Bd2 Bg7 {1/2-1/2
Loginov,V-Gleizerov,E/St Petersburg 2004/CBM 102 (17)}) 13. O-O Qb5 14. Bc3 O-O
15. Bxg7 Kxg7 16. Qc3+ f6 17. Nd4 Nxd4 18. Qxd4 Rad8 19. Qe4 Nc5 20. Na3 Qxb2
21. Rxc5 Qxa3 22. Rc7 Bd5 23. Qxe7+ Qxe7 24. Rxe7+ Rf7 $11 {1/2-1/2 Todorov,
O-Palac,M/Nice 2004/CBM 101 ext (30)}) 12... O-O 13. Bxg7 Kxg7 14. Qc3+ f6 15.
O-O Qc5 16. Rac1 Be6 17. a3 Rac8 18. b4 Ncxb4 19. axb4 Qxc4 20. Qe3 Qb3 21.
Qxb3 Bxb3 22. Nd4 Bf7 23. Rxc8 Rxc8 {1/2-1/2 Romanishin,O-Mrdja,M/Reggio
Emilia 2003/CBM 091 ext (23)}) 8. Qxc4 Nc6 9. O-O (9. Nb3 a5 10. Be3 a4 11. Nc5
Nxc5 12. Qxc5 a3 13. b3 Qd6 14. Rc1 Be6 15. O-O O-O 16. Qc2 Nb4 17. Qd2 Nd5 18.
Bh6 Bxh6 19. Qxh6 Nf6 20. Qf4 Qxf4 21. gxf4 c6 $11 {1/2-1/2 Romanishin,
O-Pelletier,Y/Essen 2000/CBM 077 (53)}) 9... O-O (9... Nb6 10. Qc2 O-O (10...
Nxd4 11. Nxd4 Bxd4 12. Rd1 $44) (10... Bxd4 11. Nb3 $44) 11. Nb3 a5 (11... e5
12. dxe5 Nxe5 13. Nxe5 Bxe5 14. f4 Bg7 15. e4 Be6 16. Be3 $16 Nc4 $2 17. Bc5
Nxb2 18. e5 Nc4 19. Bxb7 Rb8 20. Bxa6 {1-0 Muth,J-Chester,I/IECG 2001/IECG
Class F (20)}) 12. Rd1 Bg4 (12... Bf5 13. e4 Bg4 14. d5 Nb4 (14... Ne5 $5) 15.
Qe2 a4 16. Nc5 a3 17. Nxb7 Qc8 18. Nc5 $16 {1-0 Romanishin,O-Kempinski,R/Pula
1998/EXT 2000 (39)}) 13. Be3 Nd5 14. Qc1 Nxe3 15. Qxe3 Nb4 16. Qe4 Bxf3 17.
Bxf3 c6 18. Nc5 Qc7 19. a3 Na6 (19... Nd5) 20. Nd3 Rad8 21. e3 Rfe8 $11 {
[%cal Ye7e5] 1/2-1/2 Romanishin,O-Naumann,A/Lippstadt 1999/CBM 072 (34)}) 10.
Qd3 $6 $146 {[%mdl 512] A pawn sacrifice, not too successful.} (10. Nb3 a5 11.
Be3 (11. a4 Nb6 12. Qc2 Nd5 13. Bg5 Ndb4 14. Qd2 Bg4 15. Rfd1 Qd5 16. Ra3 Qf5
17. d5 Rfd8 18. e4 $5 Qc8 $14 {1/2-1/2 Loginov,V-Klimov,S/St Petersburg 2004/
CBM 101 (39)} (18... Qxe4 $1 19. Nfd4 Qxg2+ $3 20. Kxg2 Nxd4 21. Nxd4 Bxd1 22.
Qxd1 Rxd5 $44)) 11... a4 12. Nc5 Nxc5 13. Qxc5 Be6 (13... Qd6 14. Qc1 Bg4 15.
Rd1 Rfd8 16. h3 Bxf3 17. Bxf3 Nxd4 18. Bxd4 Bxd4 19. e3 Qf6 20. Bxb7 Bxb2 {
1/2-1/2 Anapolsky,S-Shishkin,V/Alushta 2003/EXT 2005 (20)}) 14. Rfd1 (14. Ng5
Bg4 15. d5 Na5 16. Rae1 Qd6 17. Qc2 Qb4 18. Rc1 Rfc8 19. Bc5 Qxb2 $13 20. Qxa4
$6 (20. Qxb2 Bxb2 21. Rc2) 20... Bxe2 21. Rfe1 Nc4 $1 $17 {0-1 Kurajica,
B-Cvitan,O/Porec 1998/EXT 99 (44)}) 14... Ra5 15. Qc3 Qa8 16. Bf4 Rc8 17. e4 (
17. Ne5 Nxe5 18. Bxe5 Bxe5 19. dxe5 Rb5 20. Rd2 c6 21. a3 {1/2-1/2 Romanishin,
O-Brkic,A/Solin/Split 2004/CBM 105 (21)}) 17... Nxd4 18. Nxd4 c5 19. e5 cxd4
20. Qxd4 Rb5 21. Rac1 h6 22. h4 Rxc1 23. Rxc1 Qa5 24. a3 {1/2-1/2 Romanishin,
O-Cvitan,O/Solin/Spilt 2002/CBM 093 (24).}) 10... Nxd4 $1 11. Nxd4 Nc5 12. Qa3
Qxd4 13. e3 $6 (13. Nf3 $142 Qd6 14. Bf4 (14. Be3 $5 Ne6) 14... e5 15. Rad1 (
15. Be3 Ne6 16. Qxd6 cxd6 17. Rad1 e4 $15) 15... Nd3 $1 16. Qxd6 cxd6 17. Rxd3
exf4 18. gxf4 Be6 $15 {^^}) 13... Qe5 14. f4 Qf5 15. g4 (15. e4 Qd7 $1 {
was probably what White overlooked when playing 13.e3} (15... Bd4+ $143 16. Kh1
Qh5 17. Nf3 $44)) 15... Qc2 16. Bf3 Nd7 $2 {This passive move gives away most
of Black's advantage.} (16... Rd8 {worked perfectly:} 17. Bd1 Bxb2 $1 18. Bxc2
(18. Bxb2 Qxd2 19. Qxc5 (19. Rf2 Qe1+ 20. Rf1 Qh4 21. Qc3 f6 $17) 19... Qxb2
20. Qxc7 Rd3 $1 $17) 18... Bxa3 19. Bxa3 Rxd2 20. Rf2 Rxf2 21. Kxf2 b6 $17) 17.
Ne4 (17. Qxe7 Qc5 $17 {[%csl Gg7] _|_}) 17... Nf6 (17... Re8 $5 18. Rd1 $132)
18. Nxf6+ Bxf6 19. Rf2 (19. g5 Bg7 20. Qxe7 c6 21. Rf2 $15) 19... Qc4 20. Bd2
$1 $44 {The right decision, much better than} (20. g5 Bg7 21. Qxe7 $15 {
After the text move White quickly develops his pieces and Black has serious
problems doing the same.}) 20... c6 21. Rc1 Qe6 (21... Qb5 $2 22. Ba5 {[%cal
Rc1c5]}) 22. Ba5 Bg7 23. Rc5 f5 {Black wants to free his pieces but White now
creates counterplay along the g-file.} (23... Qf6 $5 {[%cal Yf6h4]} 24. Bc3 Qh4
25. Bxg7 Kxg7 26. f5 $132) 24. gxf5 gxf5 25. Rg2 Kh8 26. Kh1 Bf6 (26... Rg8 27.
Bc3 Bxc3 28. Qxc3+ Qf6 29. Re5 $44) 27. Bc3 Bd7 (27... Qf7 $5) 28. Re5 $1 Bxe5
29. Bxe5+ Rf6 30. Qb4 b5 31. Qd4 Rg8 32. Rd2 Be8 33. a3 (33. b4 $5 {looks more
logical}) 33... h6 34. Bxf6+ exf6 35. Rg2 {Why?} (35. b4 $5) 35... Rxg2 36.
Kxg2 Kg7 37. Qa7+ Qd7 38. Qd4 Qf7 39. Qc3 $6 (39. Kg3 Qb3 40. Qa7+ $11) 39...
Qa2 40. Kg3 Qb1 41. Kf2 c5 $1 {Black improves his pawn structure; still,
White's counterplay secures him a draw.} 42. Qxc5 Qxb2+ 43. Kg3 Bf7 44. Qb4 $2
{An unnecessary loss of time.} (44. Qe7 Qb3 45. Bh5 a5 46. Qa7 a4 47. h4 {
with a positional draw as Black can't improve his position.}) 44... Qc1 45. Qe7
Qc4 $2 {Missing a good opportunity} (45... Qg1+ 46. Kh3 Kg6 $1 {with good
winning chances for Black.}) 46. Qa7 Qe6 47. Bh5 a5 48. Bxf7 Qxf7 49. Qxa5 Qb3
50. Qa7+ Kg6 1/2-1/2

[Event "Andorra op 18th"]
[Site "Andorra"]
[Date "2000.06.26"]
[Round "3"]
[White "Marin, Mihail"]
[Black "Jansa, Vlastimil"]
[Result "1-0"]
[WhiteElo "2555"]
[BlackElo "2443"]
[Annotator "Marin,M"]
[PlyCount "71"]
[EventDate "2000.06.24"]
[EventType "swiss"]
[EventRounds "9"]
[EventCountry "AND"]
[SourceTitle "CBM 076 Extra"]
[Source "ChessBase"]
[SourceDate "2000.07.11"]
[SourceVersion "1"]
[SourceVersionDate "2000.07.11"]
[SourceQuality "1"]

1. c4 g6 2. Nf3 Bg7 3. d4 Nf6 4. g3 d5 5. Bg2 dxc4 6. Na3 c5 7. O-O Nc6 8. dxc5
Qa5 9. Nd4 O-O 10. Be3 $5 $146 (10. Nxc6 bxc6 11. Nxc4 (11. Bxc6 Bh3 12. Bxa8
Rxa8 $44) 11... Qxc5 12. b3 Nd5 13. Ba3 Qb5 14. Rc1 $14) 10... Ng4 11. Nxc6
bxc6 12. Bd4 (12. Nxc4 Qa6) 12... Rd8 13. e3 Be6 (13... e5 14. Bc3) (13... c3
14. Qb3 cxb2 (14... Ba6 15. Bxg7 Kxg7 16. Rfd1 $11) 15. Qxb2 e5 16. Bc3 Qxc5
17. h3 Nh6 $44 {פh6}) 14. Rc1 (14. Bxc6 Rac8 15. Qa4 (15. Bg2 Rxc5) 15... Qxa4
16. Bxa4 Bxd4 17. exd4 Rxd4 $15) 14... Rab8 $6 (14... Ne5 {Jansa} 15. Qe2 Rab8
(15... Nd3 16. Rxc4 Bxc4 17. Nxc4 Qxa2 18. Qxd3 e5 19. Nd6 exd4 20. Bxc6 Rab8
21. exd4 $44) 16. Bxe5 Bxe5 17. Nxc4 Bxc4 18. Qxc4 Rxb2 19. Bxc6 Qxa2 $15) 15.
Nxc4 Qxa2 {[#]} 16. b3 $3 $14 Qa6 (16... Rxb3 $2 17. Ra1 $18) (16... Bxc4 17.
Rxc4 e5 18. Ra4 Qxb3 19. Qxb3 Rxb3 20. Ba1 $14) 17. Ra1 Qb5 (17... Qb7 18. Na5)
(17... Qc8 18. Rxa7 Bxc4 19. bxc4 e5 20. Qf3 $16) 18. Rxa7 Bxc4 (18... Qxb3 19.
Qxb3 Rxb3 20. Na5 $16) 19. bxc4 Qxc4 20. Rxe7 (20. Qxg4 e5 21. Bxc6 exd4 22.
exd4 $14) 20... Bxd4 21. Qxg4 (21. exd4 Rxd4 (21... Qxd4 $4 22. Re8+) 22. Qf3
Rc8 23. Rfe1 $14) 21... Qxc5 22. Rc7 Bf6 23. Rxc6 $14 Qe5 24. Qc4 Rb2 $138 25.
Rc7 $138 (25. Rc5 $142) 25... Be7 26. Bh3 {/\Be6} Rdd2 27. Be6 Qxe3 (27... Qf6
$1) (27... Rbc2 $2 28. Rxe7 Rxc4 29. Bxf7+ $18) 28. Bxf7+ (28. Rxe7 $1 Rxf2 29.
Bxf7+ Kf8 (29... Kg7 30. Bd5+ Qxe7 31. Rxf2 $18) 30. Re8+ (30. Rxe3 Rg2+ 31.
Kh1 Rxh2+ 32. Kg1 Rbg2#) 30... Kg7 31. Rg8+ Kf6 32. Qh4+ Kxf7 33. Qxh7+ $18)
28... Kg7 (28... Kf8 29. Rc8+ Kg7 30. Bxg6 $18) 29. Bd5 (29. fxe3 Rg2+ 30. Kh1
Rxh2+ 31. Kg1 Rbg2#) 29... Qe5 (29... Rxf2 30. Rxe7+ Qxe7 31. Rxf2 $18) 30. Bg2
(30. Bf3 $16) 30... Qf6 31. Qc5 Re2 32. Qc6 Qxc6 33. Rxc6 Rbc2 34. Rxc2 Rxc2
35. Be4 Bc5 $4 $138 36. Bxc2 1-0